[Event "EUROPA -CHAMPIONS LEGAUE"]
[Site "SchemingMind.com"]
[Date "2008.04.13"]
[Round "-"]
[White "kryspin11"]
[Black "lacus66"]
[Result "1-0"]
[WhiteCountry "POL"]
[BlackCountry "HUN"]
[WhiteElo "2271"]
[WhiteRD "82"]
[BlackElo "1652"]
[BlackRD "68"]
[GameID "150325"]

1. c4 g6 2. d4 Nf6 3. Nc3 d5 4. cxd5 Nxd5 5. e4 Nxc3 6. bxc3 Bg7 7. Nf3 O-O 8. Be2 c5 9. O-O Nc6 10. Be3 a6
11. Rb1 b5 12. d5 Na5 13. Bxc5 Bxc3 14. Qc1 Bg7 15. Qe3 Nb7 16. Bb6 Qd6 17. Rfc1 Bd7 18. Bc7
1-0

[Event "EUROPA -CHAMPIONS LEGAUE"]
[Site "SchemingMind.com"]
[Date "2008.04.17"]
[Round "-"]
[White "kryspin11"]
[Black "janez"]
[Result "1-0"]
[WhiteCountry "POL"]
[BlackCountry "SLO"]
[WhiteElo "2291"]
[WhiteRD "80"]
[BlackElo "1710"]
[BlackRD "69"]
[GameID "150326"]

1. Nf3 d6 2. c4 e5 3. d3 Bg4 4. e3 Be7 5. Be2 Nf6 6. h3 Be6 7. O-O O-O 8. Nc3 c5 9. d4 e4 10. Ng5 cxd4
11. exd4 Bf5 12. f3 exf3 13. Bxf3 Qc7 14. Qb3 Nc6 15. Bxc6 Qxc6 16. Rxf5 h6 17. Nf3 Rac8 18. Bd2 b6 19. Re1 Rfe8 20. Qa4 Qxa4
21. Nxa4 Rxc4 22. Rxf6 gxf6 23. Nc3 h5 24. Nd5 Kf8 25. Nh4 Bd8 26. Bh6+ Kg8 27. Rxe8+ Kh7 28. Rxd8 Kxh6 29. Rg8 Rc1+ 30. Kf2 Rc2+
31. Kg3 Rxb2 32. Nf5+ Kh7 33. Nxf6#
1-0

[Event "EUROPA -CHAMPIONS LEGAUE"]
[Site "SchemingMind.com"]
[Date "2008.04.13"]
[Round "-"]
[White "kryspin11"]
[Black "dalac"]
[Result "1-0"]
[WhiteCountry "POL"]
[BlackCountry "ITA"]
[WhiteElo "2291"]
[WhiteRD "80"]
[BlackElo "1990"]
[BlackRD "79"]
[GameID "150327"]

1. c4 g6 2. Nc3 Bg7 3. d4 Nf6 4. e4 d6 5. Nf3 O-O 6. Be2 Nbd7 7. Be3 c6 8. h3 b6 9. O-O e5 10. dxe5 dxe5
11. Qd6 Bb7 12. Rfd1 Re8 13. Rd2 Re6 14. Qd3 Bf8 15. c5 bxc5 16. Qc2 Rd6 17. Bd3 Qc7 18. Na4 Rd8 19. Rdd1 Nb6 20. Nxc5 Ba8
21. Nxe5 Qe7 22. Nf3 Nfd7 23. Bg5 f6 24. Be3 Qg7 25. b4 Ne5 26. Nxe5 fxe5 27. a4 Nd7 28. Bc4+ Kh8 29. Rxd6 Bxd6 30. Ne6 Qe7
31. Rd1 Nf6 32. Nxd8 Qxd8 33. Bc5 Ne8 34. Bf7
1-0

[Event "EUROPA -CHAMPIONS LEGAUE"]
[Site "SchemingMind.com"]
[Date "2008.04.13"]
[Round "-"]
[White "kryspin11"]
[Black "SLAINTIE MHATH"]
[Result "1-0"]
[WhiteCountry "POL"]
[BlackCountry "POL"]
[WhiteElo "2288"]
[WhiteRD "82"]
[BlackElo "1529"]
[BlackRD "61"]
[GameID "150328"]

1. Nf3 g6 2. d4 d6 3. c4 Bg7 4. Nc3 Bg4 5. e3 e6 6. Be2 Nd7 7. h3 Bxf3 8. Bxf3 c6 9. Qb3 Rb8 10. Qa3 d5
11. cxd5 exd5 12. Qxa7 Ngf6 13. Qa3 b5 14. Qb3 O-O 15. O-O Re8 16. a4 Ne4 17. Bxe4 dxe4 18. Qc2 Nf6 19. Bd2 b4 20. Ne2 Qd7
21. Rfc1 Re6 22. Nf4 Rd6 23. a5 c5 24. Qxc5 Nh5 25. Nxh5 Rd5 26. Qc7 Qxc7 27. Rxc7 gxh5 28. a6 Ra8 29. a7 Bf8 30. Rb7 Bd6
31. Bxb4 Bxb4 32. Rxb4 Rdd8 33. Rb7 Kf8 34. b4 Kg7 35. b5 Kf6 36. Ra6+ Kg7 37. Rc6 h6 38. Rcc7 Rf8 39. b6 h4 40. Rc6 Kh7
41. Rbc7 Kg7 42. Rc8 Raxc8 43. Rxc8 Rxc8 44. b7 Rc7 45. b8=Q Rc1+ 46. Kh2 Ra1 47. a8=Q
1-0

[Event "EUROPA -CHAMPIONS LEGAUE"]
[Site "SchemingMind.com"]
[Date "2008.04.13"]
[Round "-"]
[White "kryspin11"]
[Black "JOZIN Z BAZIN"]
[Result "1-0"]
[WhiteCountry "POL"]
[BlackCountry "POL"]
[WhiteElo "2291"]
[WhiteRD "80"]
[BlackElo "1595"]
[BlackRD "62"]
[GameID "150329"]

1. c4 e5 2. Nc3 Bc5 3. e3 Nc6 4. Nf3 d6 5. d4 exd4 6. exd4 Bb4 7. Bd3 Qe7+ 8. Be3 Bg4 9. O-O Nf6 10. Nd5 Nxd5
11. cxd5 Nd8 12. Qa4+ c6 13. Qxb4 Bxf3 14. gxf3 O-O 15. Qb3 Rc8 16. Rfe1 Qd7 17. Rac1 b5 18. dxc6 Rxc6 19. Bxb5 Kh8 20. Rxc6 Nxc6
21. d5 Na5 22. Bxd7 Nxb3 23. axb3 h6 24. Bxa7 f6 25. Bc6 f5 26. Re8 Rxe8 27. Bxe8 Kg8 28. b4
1-0

[Event "EUROPA -CHAMPIONS LEGAUE"]
[Site "SchemingMind.com"]
[Date "2008.04.17"]
[Round "-"]
[White "agarr"]
[Black "kryspin11"]
[Result "0-1"]
[WhiteCountry "RUS"]
[BlackCountry "POL"]
[WhiteElo "1772"]
[WhiteRD "63"]
[BlackElo "2300"]
[BlackRD "82"]
[GameID "150330"]

1. e4 c5 2. Nf3 Nc6 3. Bb5 Qc7 4. d3 e6 5. O-O Nf6 6. Bg5 h6 7. Bh4 Be7 8. Nc3 d6 9. Bxc6+ bxc6 10. Re1 e5
11. b3 O-O 12. h3 Be6 13. Bg3 Rab8 14. Ne2 Rb7 15. c4 Nh5 16. Bh2 g5 17. Qd2 Bf6 18. Kh1 Bd8 19. h4 Qa5 20. hxg5 Qxd2
21. Nxd2 hxg5 22. Ng3 Nxg3+ 23. Bxg3 Ba5 24. Rad1 Bc3 25. Re2 f6 26. f3 Rh7+ 27. Kg1 Kg7 28. Bh2 g4 29. Nf1 Rfh8 30. Bg3 Bd4+
0-1

[Event "EUROPA -CHAMPIONS LEGAUE"]
[Site "SchemingMind.com"]
[Date "2008.04.14"]
[Round "-"]
[White "lacus66"]
[Black "kryspin11"]
[Result "0-1"]
[WhiteCountry "HUN"]
[BlackCountry "POL"]
[WhiteElo "1670"]
[WhiteRD "68"]
[BlackElo "2300"]
[BlackRD "82"]
[GameID "150331"]

1. d4 Nf6 2. c4 g6 3. Nc3 Bg7 4. e4 d6 5. Bd3 O-O 6. Nf3 e5 7. d5 a5 8. O-O Na6 9. a3 Nh5 10. Ne2 Nc5
11. Bc2 Bg4 12. Ne1 Nf4 13. f3 Bd7 14. Nxf4 exf4 15. Bxf4 Bxb2 16. Ra2 Qf6 17. Qb1 Bd4+ 18. Kh1 Qxf4 19. Nd3 Nxd3 20. Bxd3 Rab8
21. Qe1 a4 22. g3 Qf6 23. Rd2 Bh3
0-1

[Event "EUROPA -CHAMPIONS LEGAUE"]
[Site "SchemingMind.com"]
[Date "2008.04.18"]
[Round "-"]
[White "janez"]
[Black "kryspin11"]
[Result "0-1"]
[WhiteCountry "SLO"]
[BlackCountry "POL"]
[WhiteElo "1742"]
[WhiteRD "70"]
[BlackElo "2300"]
[BlackRD "82"]
[GameID "150332"]

1. e4 c5 2. Bc4 e6 3. Nf3 Nc6 4. O-O Qc7 5. d3 d5 6. exd5 exd5 7. Bxd5 Nf6 8. Bc4 Be7 9. Re1 O-O 10. Nc3 a6
11. a4 h6 12. Ne4 Nxe4 13. Rxe4 Bd6 14. g3 Bf5 15. Re1 Bg4 16. c3 Rad8 17. Bd5 Bxg3 18. hxg3 Rxd5 19. Bf4 Qd7 20. Re3 g5
21. Bxg5 Rxg5 22. Qd2 Bxf3 23. Rxf3 Qh3 24. d4 Rh5
0-1

[Event "EUROPA -CHAMPIONS LEGAUE"]
[Site "SchemingMind.com"]
[Date "2008.04.14"]
[Round "-"]
[White "dalac"]
[Black "kryspin11"]
[Result "0-1"]
[WhiteCountry "ITA"]
[BlackCountry "POL"]
[WhiteElo "1943"]
[WhiteRD "85"]
[BlackElo "2300"]
[BlackRD "82"]
[GameID "150333"]

1. d4 Nf6 2. c4 g6 3. Nc3 Bg7 4. e4 d6 5. Nf3 c6 6. Be2 Nbd7 7. O-O O-O 8. Bg5 h6 9. Bh4 Nh5 10. Qd2 g5
11. Bxg5 hxg5 12. Qxg5 Ndf6 13. h3 e5 14. dxe5 dxe5 15. Nxe5 Nd7 16. Qxd8 Rxd8 17. Nxd7 Nf4 18. Rfe1 Bxd7 19. Rac1 Be6 20. b3 Rd2
21. Bf1 Rad8 22. h4 Be5 23. Ne2 Nd3
0-1

[Event "EUROPA -CHAMPIONS LEGAUE"]
[Site "SchemingMind.com"]
[Date "2008.04.14"]
[Round "-"]
[White "SLAINTIE MHATH"]
[Black "kryspin11"]
[Result "0-1"]
[WhiteCountry "POL"]
[BlackCountry "POL"]
[WhiteElo "1655"]
[WhiteRD "50"]
[BlackElo "2300"]
[BlackRD "82"]
[GameID "150334"]

1. Nf3 Nf6 2. g3 c5 3. Bg2 d5 4. c3 Nc6 5. d4 e6 6. Bg5 h6 7. Bxf6 Qxf6 8. O-O Be7 9. Nbd2 cxd4 10. cxd4 Nxd4
11. e3 Nxf3+ 12. Bxf3 Qxb2 13. e4 O-O 14. exd5 exd5 15. Bxd5 Rd8 16. Re1 Rxd5 17. Rxe7 Rxd2 18. Re8+ Kh7 19. Qb1+ Qxb1+ 20. Rxb1 b6
21. Rc1 Bb7 22. Rxa8 Bxa8 23. h4 Rxa2 24. Rc7 Ra1+
0-1

[Event "EUROPA -CHAMPIONS LEGAUE"]
[Site "SchemingMind.com"]
[Date "2008.04.14"]
[Round "-"]
[White "JOZIN Z BAZIN"]
[Black "kryspin11"]
[Result "0-1"]
[WhiteCountry "POL"]
[BlackCountry "POL"]
[WhiteElo "1595"]
[WhiteRD "62"]
[BlackElo "2291"]
[BlackRD "80"]
[GameID "150335"]

1. Nf3 Nf6 2. g3 g6 3. Bg2 Bg7 4. d4 O-O 5. Nc3 d5 6. Bg5 Ne4 7. Nxe4 dxe4 8. Nh4 h6 9. Bd2 g5 10. Bxe4 Qxd4
11. Nf3 Qxe4 12. c3 g4 13. O-O gxf3 14. exf3 Qc6 15. Re1 Rd8 16. Qe2 Be6 17. Rac1 Qc4 18. Bf4 Qxe2 19. Rxe2 Na6 20. b4 Rd3
21. b5 Nc5 22. Bxc7 Rxf3 23. b6 axb6 24. Bxb6 Na4 25. Be3 Nxc3 26. Rec2 Nxa2 27. Rxa2 Rxa2 28. Rc7 Bh3
0-1

[Event "EUROPA -CHAMPIONS LEGAUE"]
[Site "SchemingMind.com"]
[Date "2008.04.14"]
[Round "-"]
[White "faulty"]
[Black "kryspin11"]
[Result "0-1"]
[WhiteCountry "USA"]
[BlackCountry "POL"]
[WhiteElo "1959"]
[WhiteRD "73"]
[BlackElo "2300"]
[BlackRD "82"]
[GameID "150445"]

1. e4 c5 2. Nf3 Nc6 3. d4 cxd4 4. Nxd4 e6 5. Nc3 a6 6. Be3 Qc7 7. Qd2 Nf6 8. f3 b5 9. a3 Bb7 10. Be2 Be7
11. O-O Nxd4 12. Bxd4 e5 13. Be3 O-O 14. Nd5 Bxd5 15. exd5 Bc5 16. Bf2 e4 17. Rad1 Rfe8 18. Qc1 Rac8 19. c3 Bxf2+ 20. Rxf2 e3
21. Rff1 Nh5 22. Rfe1 Qe5 23. Qc2 Nf4 24. Qb3 Qf6 25. g3 Nxe2+ 26. Rxe2 Qxf3 27. Rde1 Rc4 28. Qc2 Rce4 29. Qd3 h5 30. Rf1 Qg4
31. Kg2 h4 32. d6 f5
0-1

[Event "EUROPA -CHAMPIONS LEGAUE"]
[Site "SchemingMind.com"]
[Date "2008.04.17"]
[Round "-"]
[White "faulty"]
[Black "agarr"]
[Result "1-0"]
[WhiteCountry "USA"]
[BlackCountry "RUS"]
[WhiteElo "1909"]
[WhiteRD "74"]
[BlackElo "1783"]
[BlackRD "64"]
[GameID "150446"]

1. e4 e5 2. Nf3 Nc6 3. Bc4 Bc5 4. c3 Nf6 5. O-O Nxe4 6. d4 exd4 7. cxd4 Bb4 8. d5 Ne7 9. a3 Bc5 10. b4 Bb6
11. Qe2 Nd6 12. Bd3 O-O 13. Bxh7+ Kxh7 14. Ng5+
1-0

[Event "EUROPA -CHAMPIONS LEGAUE"]
[Site "SchemingMind.com"]
[Date "2008.04.14"]
[Round "-"]
[White "faulty"]
[Black "lacus66"]
[Result "1-0"]
[WhiteCountry "USA"]
[BlackCountry "HUN"]
[WhiteElo "1909"]
[WhiteRD "74"]
[BlackElo "1652"]
[BlackRD "68"]
[GameID "150447"]

1. e4 e6 2. d4 d5 3. Nd2 Nf6 4. e5 Nfd7 5. f4 c5 6. c3 Be7 7. Ngf3 O-O 8. Be2 c4 9. O-O h6 10. b3 b5
11. a4 Ba6 12. axb5 Bxb5 13. bxc4 Bc6 14. c5 f6 15. Bd3 f5 16. Nb3 Bb7 17. Na5 Qc8 18. Qb3 Bc6 19. Be3 Bd8 20. Rfb1 Bc7
21. Nxc6 Nxc6 22. Ba6 Qe8 23. Qb7
1-0

[Event "EUROPA -CHAMPIONS LEGAUE"]
[Site "SchemingMind.com"]
[Date "2008.04.19"]
[Round "-"]
[White "faulty"]
[Black "janez"]
[Result "1-0"]
[WhiteCountry "USA"]
[BlackCountry "SLO"]
[WhiteElo "1959"]
[WhiteRD "73"]
[BlackElo "1742"]
[BlackRD "70"]
[GameID "150448"]

1. e4 e5 2. Nf3 Nc6 3. Bc4 h6 4. O-O Nf6 5. d4 exd4 6. Nxd4 Nxd4 7. Qxd4 c5 8. Qd1 d6 9. Nc3 Be7 10. Bf4 O-O
11. Qe2 a6 12. a4 Qb6 13. Nd5 Nxd5 14. exd5 Bf6 15. c3 Bf5 16. a5 Qc7 17. Qf3 Bg6 18. Qg3 Rad8 19. Rfe1 Be7 20. h4 Rfe8
21. Bxh6 gxh6 22. h5 Kh7 23. hxg6+ fxg6 24. Bd3 Rg8 25. Re6 Bg5 26. f4 c4 27. Be4 Rdf8 28. fxg5 h5 29. Qh3 Rf4 30. Qxh5+ Kg7
31. Qxg6+ Kf8 32. Re8#
1-0

[Event "EUROPA -CHAMPIONS LEGAUE"]
[Site "SchemingMind.com"]
[Date "2008.04.16"]
[Round "-"]
[White "faulty"]
[Black "dalac"]
[Result "1-0"]
[WhiteCountry "USA"]
[BlackCountry "ITA"]
[WhiteElo "2011"]
[WhiteRD "70"]
[BlackElo "1990"]
[BlackRD "79"]
[GameID "150449"]

1. e4 Nf6 2. e5 Nd5 3. d4 d6 4. Nf3 dxe5 5. Nxe5 e6 6. Bc4 Nd7 7. O-O c5 8. Bxd5 exd5 9. Nxf7 Kxf7 10. Qh5+ g6
11. Qxd5+ Kg7 12. Be3 Qc7 13. dxc5 Bxc5 14. Nc3 Rf8 15. Ne4 Bb6 16. Qg5 Qe5 17. Qh6+ Kg8 18. Ng5 Qg7 19. Qxg7+ Kxg7 20. Ne6+ Kg8
21. Nxf8 Kxf8 22. Rae1 Bxe3 23. fxe3+ Kg7 24. Rd1 Nb6 25. b3 Bf5 26. c4 a5 27. c5 Nd7 28. Rxf5 gxf5 29. Rxd7+ Kg6 30. Rxb7 Rd8
31. Rb6+ Kg5 32. Rd6 Re8 33. Kf2 Re5 34. Rc6 f4 35. exf4+ Kxf4 36. Rc7 Ke4 37. Rxh7 Rxc5 38. Re7+ Kd3 39. Re3+ Kd4 40. Re2 Rf5+
41. Ke1 Kd3 42. g4 Rf4 43. Rg2 Ke3 44. Rg3+ Ke4 45. g5 Kf5 46. g6 Re4+ 47. Kd2 Re8 48. g7 Rg8 49. h4 Kf6 50. h5 Rxg7
51. Rxg7 Kxg7 52. a4 Kh6 53. b4 axb4 54. a5
1-0

[Event "EUROPA -CHAMPIONS LEGAUE"]
[Site "SchemingMind.com"]
[Date "2008.04.15"]
[Round "-"]
[White "faulty"]
[Black "SLAINTIE MHATH"]
[Result "1-0"]
[WhiteCountry "USA"]
[BlackCountry "POL"]
[WhiteElo "1959"]
[WhiteRD "73"]
[BlackElo "1655"]
[BlackRD "50"]
[GameID "150450"]

1. e4 e5 2. Nf3 Nf6 3. Nxe5 d6 4. Nf3 Nxe4 5. d4 Bg4 6. Bd3 Qe7 7. O-O d5 8. h3 Bh5 9. Re1 h6 10. g4 Bg6
11. Nc3 Nc6 12. Nxd5 Qd6 13. Bxe4 O-O-O 14. Bf4 Qxd5 15. Bxd5 Rxd5 16. c4 Rd7 17. a3 Bd6 18. Bxd6 Rxd6 19. d5 Nd8 20. c5 Rf6
21. Ne5 Rf4 22. Qd2 Rf6 23. d6 cxd6 24. cxd6 Ne6 25. Rac1+ Kb8 26. Nd7+ Ka8 27. Nxf6 gxf6 28. Qc3 a6 29. Qxf6 Rd8 30. Rxe6 fxe6
31. Qxd8+
1-0

[Event "EUROPA -CHAMPIONS LEGAUE"]
[Site "SchemingMind.com"]
[Date "2008.04.15"]
[Round "-"]
[White "faulty"]
[Black "JOZIN Z BAZIN"]
[Result "1-0"]
[WhiteCountry "USA"]
[BlackCountry "POL"]
[WhiteElo "2011"]
[WhiteRD "70"]
[BlackElo "1595"]
[BlackRD "62"]
[GameID "150451"]

1. e4 e5 2. Nf3 Nf6 3. Nxe5 d6 4. Nf3 Nxe4 5. d4 Bg4 6. Bd3 d5 7. O-O Bd6 8. c4 c6 9. Nc3 f5 10. cxd5 cxd5
11. h3 Bh5 12. Nxd5 Bh2+ 13. Kxh2 Qxd5 14. Qa4+ Nc6 15. Bc4 Qd6+ 16. Ne5 O-O-O 17. f4 Nb8 18. Be3 Rhe8 19. Bb5 Rxe5 20. dxe5 Qg6
21. Rac1+ Nc6 22. Qxa7 Rd7 23. Bxc6 bxc6 24. Qa8+ Kc7 25. Rxc6+ Qxc6 26. Rc1 Qxc1 27. Bxc1 h6 28. e6 Rd1 29. Qa5+ Kd6 30. Qxf5 Rxc1
31. Qxe4 Rc5 32. e7 g5 33. e8=Q Bxe8 34. Qxe8 gxf4 35. Qf8+ Kd5 36. Qxf4 Rc4 37. Qxh6 Ke4 38. b3 Rd4 39. a4 Kd3 40. a5 Ke2
41. a6 Rd2 42. Qxd2+
1-0

[Event "EUROPA -CHAMPIONS LEGAUE"]
[Site "SchemingMind.com"]
[Date "2008.04.14"]
[Round "-"]
[White "kryspin11"]
[Black "faulty"]
[Result "0-1"]
[WhiteCountry "POL"]
[BlackCountry "USA"]
[WhiteElo "2291"]
[WhiteRD "80"]
[BlackElo "2011"]
[BlackRD "70"]
[GameID "150452"]

1. c4 e5 2. Nc3 Nf6 3. g3 Bb4 4. Qc2 O-O 5. Bg2 Nc6 6. Nf3 Bxc3 7. Qxc3 d6 8. O-O Bg4 9. b4 e4 10. b5 exf3
11. exf3 Bd7 12. bxc6 Bxc6 13. d4 d5 14. c5 h6 15. Re1 Qd7 16. Bf4 Rfe8 17. Rxe8+ Nxe8 18. Qa5 g5 19. Qd2 gxf4 20. Qxf4 Qe6
21. Bf1 Qf6 22. Qxf6 Nxf6 23. h4 Re8 24. Bd3 Bd7 25. Rb1 b6 26. Rc1 c6 27. g4 b5 28. Kg2 Kg7 29. Rb1 a5 30. Kg3 h5
31. g5 Nh7 32. f4 f5 33. Rb3 Nf8 34. Rb1 Ng6 35. Rb3 Re1 36. Rb1 Rxb1 37. Bxb1 Nf8 38. Kf3 Kg6 39. Bd3 Ne6 40. Ke3 Nc7
41. Bc2 b4 42. Ba4 Nb5 43. Bxb5 cxb5 44. Kd3 Be8 45. Kd2 Kf7 46. Ke3 Ke6 47. Kd2 Kd7 48. Kd3 Kc6 49. Kd2 Kb7 50. Kd3 Ka6
51. Kc2 a4 52. Kb2 Ka5 53. Kc2 b3+ 54. axb3 Kb4 55. bxa4 bxa4 56. Kb2 Kc4 57. Ka3 Kxd4 58. g6 Kxc5
0-1

[Event "EUROPA -CHAMPIONS LEGAUE"]
[Site "SchemingMind.com"]
[Date "2008.04.17"]
[Round "-"]
[White "agarr"]
[Black "faulty"]
[Result "0-1"]
[WhiteCountry "RUS"]
[BlackCountry "USA"]
[WhiteElo "1772"]
[WhiteRD "63"]
[BlackElo "1959"]
[BlackRD "73"]
[GameID "150453"]

1. e4 e5 2. Nf3 Nc6 3. Bc4 Bc5 4. c3 Nf6 5. d4 exd4 6. cxd4 Bb4+ 7. Bd2 d5 8. exd5 Nxd5 9. Nc3 Nb6 10. Bb5 O-O
11. Bxc6 bxc6 12. Ne5 Qxd4 13. Nxc6 Re8+ 14. Ne2 Bxd2+ 15. Qxd2 Qe4 16. Nd4 c5 17. Nb3 Ba6 18. Nc1 Qxg2 19. Rf1 Qf3 20. b3 Rad8
21. Qb2 Nd5
0-1

[Event "EUROPA -CHAMPIONS LEGAUE"]
[Site "SchemingMind.com"]
[Date "2008.04.14"]
[Round "-"]
[White "lacus66"]
[Black "faulty"]
[Result "0-1"]
[WhiteCountry "HUN"]
[BlackCountry "USA"]
[WhiteElo "1670"]
[WhiteRD "68"]
[BlackElo "1959"]
[BlackRD "73"]
[GameID "150454"]

1. d4 d5 2. e4 dxe4 3. Nc3 f5 4. f3 exf3 5. Nxf3 Nf6 6. Bg5 e6 7. Bb5+ c6 8. Bc4 Bd6 9. Qd3 b5 10. Bb3 h6
11. Bh4 Na6 12. a3 Nc7 13. O-O-O Bb7 14. h3 g5 15. Bf2 Kf8 16. Rhe1 Qd7 17. Kb1 Kg7 18. Be3 Bg3 19. Re2 g4 20. hxg4 Nxg4
21. Bg1 a5 22. Nd2 Qd6 23. Nf1 Bf4 24. g3 Bg5 25. Nh2 h5 26. Nf3 Bf6 27. Be3 Qxg3 28. Rf1 b4 29. Nd1 Qd6 30. a4 Qe7
31. Bf4 Rae8 32. Bxc7 Qxc7 33. Bxe6 Qf4 34. Bc4 Rxe2 35. Qxe2 Qe4 36. Qxe4 fxe4 37. Nd2 Re8 38. Be2 Bxd4 39. Bxg4 hxg4 40. c3 e3
41. cxd4 exd2 42. Rf2 Ba6 43. Rxd2 Re2 44. Kc1 Kf6 45. b3 Kf5 46. d5 Rxd2 47. Kxd2 cxd5 48. Ne3+ Kf4 49. Ng2+ Ke4 50. Ne1 g3
0-1

[Event "EUROPA -CHAMPIONS LEGAUE"]
[Site "SchemingMind.com"]
[Date "2008.04.19"]
[Round "-"]
[White "janez"]
[Black "faulty"]
[Result "0-1"]
[WhiteCountry "SLO"]
[BlackCountry "USA"]
[WhiteElo "1710"]
[WhiteRD "69"]
[BlackElo "2011"]
[BlackRD "70"]
[GameID "150455"]

1. e4 e5 2. Nf3 Nc6 3. a3 d6 4. h3 Nf6 5. d3 Be7 6. Be2 O-O 7. O-O h6 8. c4 b6 9. b4 a6 10. Bd2 Be6
11. a4 Nb8 12. Bc3 c5 13. bxc5 bxc5 14. Qc1 Nc6 15. Bd2 Nd7 16. Nc3 Re8 17. Nd5 Bxd5 18. cxd5 Na7 19. Rb1 Qc7 20. d4 Nc8
21. dxe5 Nxe5 22. Nxe5 dxe5 23. Bb4 a5 24. Ba3 Nd6 25. Bxc5 Nxe4 26. Bxe7 Qxe7 27. Rd1 Rec8 28. Bc4 Nd6 29. Rb2 Rxc4 30. Qa1 Qc7
31. Re2 e4 32. g3 Rc8 33. Ree1 Qd7 34. g4 Rxa4 35. Qb2 Rb4 36. Qa3 Qb5 37. Qg3 Qb6 38. Kh1 Rb3 39. Qf4 Rf3 40. Qh2 Rxf2
41. Qg1 Rc3
0-1

[Event "EUROPA -CHAMPIONS LEGAUE"]
[Site "SchemingMind.com"]
[Date "2008.04.16"]
[Round "-"]
[White "dalac"]
[Black "faulty"]
[Result "1-0"]
[WhiteCountry "ITA"]
[BlackCountry "USA"]
[WhiteElo "1990"]
[WhiteRD "79"]
[BlackElo "2011"]
[BlackRD "70"]
[GameID "150456"]

1. e4 e5 2. Nf3 Nc6 3. d4 exd4 4. Nxd4 Bc5 5. Be3 Qf6 6. c3 Nge7 7. Nc2 Bxe3 8. Nxe3 d6 9. Be2 O-O 10. O-O Be6
11. Nd2 d5 12. Qc2 d4 13. cxd4 Nxd4 14. Qd3 Rfd8 15. Nec4 b5 16. Na3 Nb3 17. Qe3 Nxa1 18. e5 Qg6 19. Bf3 Bd5 20. Rxa1 Bxf3
21. Nxf3 b4 22. Nc4 Nd5 23. Qd2 Qe4 24. Na5 Nc3 25. Qg5 h6 26. Qe3 Qxe3 27. fxe3 Ne4 28. Nc6 Re8 29. Nxb4 Rab8 30. Nd3 Red8
31. Nd4 Rb6 32. b4 Ra6 33. a4 c6 34. a5 Rd5 35. Rc1 g6 36. e6 fxe6 37. Nf4 Rd7 38. Nxg6 c5 39. bxc5 Rg7 40. Ne5 Rxa5
41. Nxe6 Re7 42. Nc6 Rxe6 43. Nxa5 Ra6 44. Nb3 Rc6 45. Rc4 Nd6 46. cxd6
1-0

[Event "EUROPA -CHAMPIONS LEGAUE"]
[Site "SchemingMind.com"]
[Date "2008.04.15"]
[Round "-"]
[White "SLAINTIE MHATH"]
[Black "faulty"]
[Result "0-1"]
[WhiteCountry "POL"]
[BlackCountry "USA"]
[WhiteElo "1589"]
[WhiteRD "54"]
[BlackElo "2011"]
[BlackRD "70"]
[GameID "150457"]

1. Nf3 Nf6 2. g3 g6 3. Bg2 Bg7 4. d3 O-O 5. Nc3 d5 6. Bg5 h6 7. Bf4 c6 8. e3 Nfd7 9. Bh3 e5 10. Bxd7 Nxd7
11. Bxh6 Bxh6 12. h4 Qb6 13. Rb1 d4 14. exd4 exd4 15. Ne4 Qa5+ 16. c3 dxc3 17. bxc3 Bg7 18. Qb3 Nc5 19. Nxc5 Qxc5 20. O-O Qxc3
21. Qxc3 Bxc3 22. Rb3 Bf6 23. Re1 b6 24. Nh2 Be6 25. Ra3 Rfd8 26. g4 Bxh4 27. Nf3 Bf6 28. g5 Bg7 29. Re3 c5 30. Ra4 Bd4
31. Nxd4 Rxd4 32. Rxd4 cxd4 33. Re2 Rc8 34. Kg2 Rc3 35. Rd2 Bf5 36. Kf3 Rxd3+ 37. Rxd3 Bxd3 38. Kg2 Bc4 39. Kf3 Bxa2 40. Ke4 a5
41. Kxd4 b5 42. Kc3 b4+ 43. Kb2 Be6 44. f4 Kf8
0-1

[Event "EUROPA -CHAMPIONS LEGAUE"]
[Site "SchemingMind.com"]
[Date "2008.04.15"]
[Round "-"]
[White "JOZIN Z BAZIN"]
[Black "faulty"]
[Result "0-1"]
[WhiteCountry "POL"]
[BlackCountry "USA"]
[WhiteElo "1821"]
[WhiteRD "77"]
[BlackElo "1959"]
[BlackRD "73"]
[GameID "150458"]

1. Nf3 Nf6 2. g3 d5 3. Bg2 c5 4. d3 Nc6 5. Bg5 e5 6. Nc3 Be7 7. Nh4 Be6 8. e4 d4 9. Nd5 Nxd5 10. Bxe7 Ndxe7
11. b3 O-O 12. a3 Ng6 13. Nxg6 fxg6 14. Qe2 Qa5+ 15. Qd2 Qxd2+ 16. Kxd2 Rxf2+
0-1

[Event "EUROPA -CHAMPIONS LEGAUE"]
[Site "SchemingMind.com"]
[Date "2008.04.17"]
[Round "-"]
[White "cirovicz"]
[Black "faulty"]
[Result "0-1"]
[WhiteCountry "SRB"]
[BlackCountry "USA"]
[WhiteElo "1883"]
[WhiteRD "107"]
[BlackElo "2011"]
[BlackRD "70"]
[GameID "151040"]

1. e4 e5 2. Nf3 Nc6 3. Bb5 a6 4. Ba4 Nf6 5. O-O Be7 6. Re1 b5 7. Bb3 O-O 8. c3 d6 9. d4 Bg4 10. d5 Na5
11. h3 Bh5 12. Bg5 h6 13. Bxf6 Bxf6 14. Nbd2 c5 15. dxc6 Nxc6 16. Bd5 Qc7 17. a4 Rab8 18. axb5 axb5 19. b4 Ne7 20. Qb3 Nxd5
21. exd5 Bxf3 22. Nxf3 Ra8 23. Nd2 Be7 24. Rxa8 Rxa8 25. c4 Bg5 26. Ne4 bxc4 27. Qc3 Rc8 28. Nxg5 hxg5 29. Rc1 Qb6 30. Rd1 Qb5
31. g4 Ra8 32. Kg2 Ra4 33. Qd2 f6 34. Rb1 Ra3 35. Qc2 Qxd5+ 36. Kg1 Rxh3 37. Kf1 Qh1+ 38. Ke2 Qf3+ 39. Kd2 Qxf2+ 40. Kc1 Qe3+
41. Kb2 Qa3#
0-1

[Event "EUROPA -CHAMPIONS LEGAUE"]
[Site "SchemingMind.com"]
[Date "2008.04.17"]
[Round "-"]
[White "cirovicz"]
[Black "kryspin11"]
[Result "0-1"]
[WhiteCountry "SRB"]
[BlackCountry "POL"]
[WhiteElo "1875"]
[WhiteRD "148"]
[BlackElo "2300"]
[BlackRD "82"]
[GameID "151041"]

1. e4 c5 2. Nf3 Nc6 3. d4 cxd4 4. Nxd4 e6 5. Nc3 Qc7 6. Be3 Nf6 7. Be2 a6 8. Nxc6 bxc6 9. Bd3 Rb8 10. Qc1 d5
11. exd5 cxd5 12. O-O Bd6 13. h3 O-O 14. f4 Bc5 15. Rb1 d4 16. Bxd4 Bxd4+ 17. Kh1 Bb7 18. Qd2 Rfd8 19. Qe1 Bc6 20. f5 Rxb2
21. fxe6 Bxc3 22. exf7+ Kf8 23. Rxb2 Bxe1 24. Rxe1 Qg3 25. Re2 Qxh3+ 26. Kg1 Qh4 27. Rb6 Qd4+
0-1

[Event "EUROPA -CHAMPIONS LEGAUE"]
[Site "SchemingMind.com"]
[Date "2008.04.17"]
[Round "-"]
[White "cirovicz"]
[Black "agarr"]
[Result "1/2-1/2"]
[WhiteCountry "SRB"]
[BlackCountry "RUS"]
[WhiteElo "1875"]
[WhiteRD "148"]
[BlackElo "1772"]
[BlackRD "63"]
[GameID "151042"]

1. e4 e5 2. Nf3 Nc6 3. Bb5 Bc5 4. Bxc6 dxc6 5. c3 Bg4 6. h3 Bxf3 7. Qxf3 Nf6 8. O-O O-O 9. b4 Bb6 10. Rd1 Re8
11. Bb2 h6 12. d3 Nh7 13. Nd2 Re6 14. Nc4 Rf6 15. Qg3 Bxf2+ 16. Qxf2 Rxf2 17. Kxf2 Qh4+ 18. Kg1 f6 19. Na5 Rb8 20. a4 Ng5
21. Bc1 Ne6 22. Be3 a6 23. Ba7 Ra8 24. Bf2 Qf4 25. Nxb7 Ng5 26. Nc5 Rd8 27. h4 Nf7 28. Ne6 Qg4 29. Nxd8 Nxd8 30. Rd2 Ne6
31. Re1 Nf4 32. Be3 Qxh4 33. Bxf4 Qxf4 34. Rdd1 g5 35. Rf1 Qe3+ 36. Kh1 g4 37. Rxf6 Qg5 38. Rdf1 Qh4+ 39. Kg1 g3 40. Rf8+=
1/2-1/2

[Event "EUROPA -CHAMPIONS LEGAUE"]
[Site "SchemingMind.com"]
[Date "2008.04.17"]
[Round "-"]
[White "cirovicz"]
[Black "lacus66"]
[Result "0-1"]
[WhiteCountry "SRB"]
[BlackCountry "HUN"]
[WhiteElo "1604"]
[WhiteRD "213"]
[BlackElo "1652"]
[BlackRD "68"]
[GameID "151043"]

1. e4 e6 2. d4 d5 3. Nc3 Bb4 4. e5 c5 5. a3 Bxc3+ 6. bxc3 c4 7. f4 Ne7 8. Nf3 O-O 9. g4 h6 10. h4 Nd7
11. h5 f6 12. g5 hxg5 13. fxg5 fxe5 14. Nxe5 Nxe5 15. dxe5 Nf5 16. g6 Ng3 17. Rg1 Nxf1 18. Rxf1 Qh4+ 19. Ke2 Qxh5+ 20. Kd2 Qg5+
21. Ke2 Qxe5+ 22. Kd2 Qg5+ 23. Ke2 Qg2+ 24. Ke3 Rxf1 25. Qh5 Qf2#
0-1